| 000 | 01126nam a2200205 a 4500 | ||
|---|---|---|---|
| 008 | 161014s1998 ||||||||||||||||| || u | ||
| 020 | _a1557756929 | ||
| 050 | _aIMF(08)EI/13A | ||
| 245 | 0 | 0 |
_aFixed or flexible?: geting the exchange rate right in the 1990s _cFrancesco Caramazza [and] Jahangir Aziz |
| 260 |
_aWashington, D.C. _bInternational Monetary Fund _c1998 |
||
| 300 | _aiii,18p. | ||
| 650 | _aForeign exchange market | ||
| 650 | _aFLOATING EXCHANGE RATES | ||
| 650 | _aCAPITAL MOVEMENTS | ||
| 650 | _aFOREIGN EXCHANGE ADMINISTRATION | ||
| 995 |
_aSPECIAL COLLECTIONS _e2662 _FCBU-MAIN LIBRARY (Kitwe) _jIMF(08)EI/13D _M4 _UAVAILABLE _WOct 19, 2016 _yB2662 _ZInternational Publications |
||
| 995 |
_aSPECIAL COLLECTIONS _e2658 _FCBU-MAIN LIBRARY (Kitwe) _jIMF(08)EI/13A _M1 _UAVAILABLE _WOct 19, 2016 _yB2658 _ZInternational Publications |
||
| 995 |
_aSPECIAL COLLECTIONS _e2660 _FCBU-MAIN LIBRARY (Kitwe) _jIMF(08)EI/13B _M2 _UAVAILABLE _WOct 19, 2016 _yB2660 _ZInternational Publications |
||
| 995 |
_aSPECIAL COLLECTIONS _e2661 _FCBU-MAIN LIBRARY (Kitwe) _jIMF(08)EI/13C _M3 _UAVAILABLE _WOct 19, 2016 _yB2661 _ZInternational Publications |
||
| 999 |
_c63171 _d63171 |
||